El CNTE sirve con lealtad y eficacia a la educación mexicana : González Avelar (Record no. 64193)

MARC details
000 -CABECERA
campo de control de longitud fija 00676nam a2200205 a 4500
005 - FECHA Y HORA DE LA ÚLTIMA TRANSACCIÓN
campo de control 20210223123814.0
008 - ELEMENTOS DE LONGITUD FIJA--INFORMACIÓN GENERAL
campo de control de longitud fija 991125n 000 0 spa u
035 ## - NÚMERO DE CONTROL DEL SISTEMA
Número de control de sistema UPN01000067797
100 1# - ASIENTO PRINCIPAL--NOMBRE PERSONAL
Nombre de persona González Avelar, Miguel,
Fechas asociadas al nombre 1937-2011
9 (RLIN) 28517
222 ## - TÍTULO CLAVE
Título clave EDUCACION :
Información calificativa REVISTA DEL CONSEJO NACIONAL TECNICO DE LA EDUCACION
245 ## - MENCIÓN DE TÍTULO
Título El CNTE sirve con lealtad y eficacia a la educación mexicana : González Avelar
300 ## - DESCRIPCIÓN FÍSICA
Extensión 125-129
362 ## - FECHAS DE PUBLICACIÓN Y/O DESIGNACIÓN SECUENCIAL
Fecha de publicación y/o designación secuencial 1987-1988 9, 5a época, no. 44, dic.-feb.
653 0# - TERMINO DE INDIZACION - NO CONTROLADO
Término no controlado CNTE
653 0# - TERMINO DE INDIZACION - NO CONTROLADO
Término no controlado FORMACION DE MAESTROS
653 0# - TERMINO DE INDIZACION - NO CONTROLADO
Término no controlado GONZALEZ AVELAR, MIGUEL, 1917-
653 0# - TERMINO DE INDIZACION - NO CONTROLADO
Término no controlado LICENCIATURA
904 ## - ELEMENTOS DE DATOS D LOCAL, LDD (RLIN)
a AC
b 005608
905 ## - TIPO DE MATERIAL
Tipo de material Articulo

No items available.